00773nai a2200193Ia 4500003000900000008004100009022002200050022002300072040001600095245004800111260008600159310001400245362002600259521006900285650003000354650004500384650005700429856009300486IN-BaIIA211028c9999 xx s 000 0 eng d a1949-3053 (Print) a1949-3061 (Online) cIIA Library 0aIEEE Transactions on Smart Gridh[eJournal] aNew York, USAbThe Institute of Electrical and Electronics Engineers, Inc. (IEEE) aBimonthly a1(1); 2010 - Present  bSubscribed through National Knowledge Resource Consortium (NKRC) a Computing and Processing a Power, Energy and Industry Applications aCommunication, Networking and Broadcast Technologies uhttps://ieeexplore.ieee.org/servlet/opac?punumber=5165411yClick Here to Access eJournal